Normal view
MARC view
Entry Topical Term
001 - CONTROL NUMBER
- control field: 23436
003 - CONTROL NUMBER IDENTIFIER
- control field: ARRUPE
005 - DATE AND TIME OF LATEST TRANSACTION
- control field: 20160329143923.0
008 - FIXED-LENGTH DATA ELEMENTS
- fixed length control field: 160329|| aca||aabn | a|a d
040 ## - CATALOGING SOURCE
- Original cataloging agency: ARRUPE
- Transcribing agency: ARRUPE
150 ## - HEADING--TOPICAL TERM
- Topical term or geographic name as entry element: Sports
- Geographic subdivision: Zimbabwe.
670 ## - SOURCE DATA FOUND
- Source citation: Work cat.: (ARRUPE)0: Mararike, Claude Gumbucha 23435, Sports, juju, and human factor development /, c2006.